01303nam a2200193 4500001000700000003000900007005001700016007000300033008004100036100005000077245013700127260006600264300002500330490007900355500055400434700001800988830007901006852002401085143083ES-MaACL20230906200721.0t|070214s1914 fr r ||||1| fre d1 aSeligman, Edwin Robert Anderson (d1861-1939)10aEssais sur l'impôt / cpar Edwin R. A. Seligman ; traduction française, d'après la 8e édition américaine, par Louis Suret. aParis : b[s. n.], c1914 (eSaint-Amand : fImp. Bussière) a2 v. ; c23 x 14 cm.1 aBibliothèque internationale de science et de législation financières aContiene: I . Évolution de l'impôt. L'impôt général sur la propriété. L'impôt unique. La double imposition. L'impôt sur les successions. L'imposition des sociétés ------ II . Problèmes fiscaux contemporains. Évolution de l'impôt. Revenus d'État et revenus locaux. Finances d'état et finances fédérales. Précision dans les impositions. Classification des revenus publics. Betterment tax? Réformes récentes. Ouvrages récents. Rapports américains sur l'impôt. L'impôt fédéral sur le revenu de 1913.1 aSuret, Louis.0 aBibliothèque internationale de science et de législation financières aES-MaACLjD-4073-74